| 000 | 00861nam a2200217Ia 4500 | ||
|---|---|---|---|
| 001 | 3138 | ||
| 003 | GE_BSU | ||
| 008 | 181216s||||||||xx |||||||||||||| ||und|| | ||
| 020 | _a5777700136 | ||
| 040 | _cGE_BSU | ||
| 080 | _a338.45(038) | ||
| 245 | _aТолковый словарь: Организация экономического сотрудиничества и развития; Экономика предприяნия: конкурененое право и политика поощрения конкуренции; Англо-Русский | ||
| 245 | _cПОд. общуй ред. А.М. Волкова., ред. Д.М. Носов | ||
| 260 | _aМосква | ||
| 260 | _bВЕС МИР | ||
| 260 | _c1997 | ||
| 300 | _a112 ст. 20 см. | ||
| 541 | _h3 Л. 10 Т. | ||
| 653 | _aолковый словарь: | ||
| 942 | _cBK | ||
| 999 |
_c37182 _d37182 |
||